Регионална библиотека "Любен Каравелов" - Русе

Седем градски гряха : комикс / худож. Петър Станимиров ; текст Благой Д. Иванов (Запис номер 419466)

MARC детайли
000 -Лидер
Контролно поле с фиксирана дължина 01103nam a2200253 a 4500
003 - Код на организацията, давaща контролен номер
Контролно поле BLK
005 - Дата и час на последна редакция
Контролно поле 20240523133445.0
008 - Елементи от данни с фиксирана дължина
fixed length control field 210611b bu |||||r|||| 00| | bu d
020 ## - Международен стандартен номер на книга ISBN
Международен стандартен номер на книга ISBN 978-954-28-2979-9
040 ## - Източник на каталожния запис
Идентификатор на билиотеката - собственик на записа BLK
041 ## - Код за език
Код за езика на текст/звукозапис или на отделно заглавие Български
Код за езика КДБФ Български
080 ## - УДК
Текстов определител УДК Българска литература
УДК код - определител по УДК 821.163.2
УДК - код + определител 821.163.2-32
080 ## - УДК
Текстов определител УДК Комикси
УДК код - определител по УДК 741.52
УДК - код + определител 741.52
100 ## - Редна дума - Автор
R(LIN) 1299
Автор Иванов, Благой Димитров
Авторска отговорност първи автор
139 ## - Редно поле
Редна дума Иванов, Благой Димитров
Авторски знак Иванов - И 21
245 ## - Сведения за заглавието
Заглавие Седем градски гряха : комикс / худож. Петър Станимиров ; текст Благой Д. Иванов
Редно поле (дума) худож. Петър Станимиров ; текст Благой Д. Иванов
260 ## - Област на издателските данни
9 (RLIN) 219755
Място на издаване, разпространение и проч. София
Име на издателя, разпространителя и проч. Сиела
Година на издаване 2019
Издателство - префикс ISBN 954-649-
300 ## - Физическа характеристика
Страници 208 с.
Илюстрации и др. с ил.
Размери/Мащаб 21 см
380 ## - Жанр
Жанр Худож. лит.
700 ## - Други автори (авторска отговорност)
9 (RLIN) 257963
Лично име Станимиров, Петър Георгиев
Автороска отговорност (Описва отношението между автора и произведението) худож.
999 ## - СИСТЕМНИ КОНТРОЛНИ НОМЕРА
Koha biblionumber 419466
Koha biblioitemnumber 419466
942 ## - АРТИКУЛИ
Вид на библиотечния материал Книги
Скрит в OPAC Не
Периодичен библиозапис Да
Koha issues (borrowed), all copies 7
944 ## - СЪЗДАВАНЕ И РЕДАКЦИЯ на ЗАПИСА
Създаване/Редакция Създаване
Дата на регистрацията/редакция 2021-06-11
Служител, извършил регистрацията/редакцията 30576
Статус, дата на статуса Цветомила Тодорова
999 ## - СИСТЕМНИ КОНТРОЛНИ НОМЕРА
Koha biblioitemnumber 419466
Наличности
Код за отписване Код за изгубен артикул Източник на класификационната схема Код за повреда Коз за рестрикции Код за отдаване Артикулен № Име на библиотеката - собственик Име на библиотеката, в която се намира в момента Статус (Текущо местоположение) Дата на вписване в системата Местоположение - отдел Цена в лева Систематично азбучна сигнатура Баркод Цена в евро Служебен тип на артикула
  Не е изгубен Universal Decimal Classification Не е повреден без рестрикции заемане за дома 843155 Регионална библиотека "Любен Каравелов" Русе Регионална библиотека "Любен Каравелов" Русе Заемна - подръчен фонд 2021-07-15 Заемна - подръчен фонд 16.90 821.163.2-32/И 21 Б 120000857841 8.64 Книги
Vip Innovations Ltd, Rousse, Bulgaria 2025